| 000 | 01023nam a22002537a 4500 | ||
|---|---|---|---|
| 005 | 20170124102945.0 | ||
| 010 | _aB-032734 | ||
| 020 |
_c125.00 _a8170557275 |
||
| 035 | _aB-032734 | ||
| 037 | _bCen Lib/Ret | ||
| 040 |
_aDPL _bHN |
||
| 082 |
_a821 _bशुक्ल |
||
| 100 |
_aशुक्ल, विनोदकुमार _99690 |
||
| 245 |
_aअतिरिक्त नहीं / _cविनोदकुमार शुक्ल |
||
| 246 |
_aAtirikt nahin / _bby Vinodkumar Shukla |
||
| 260 |
_aनई दिल्ली _bवाणी प्रकाशन _c2000 |
||
| 270 |
_bनई दिल्ली _a21-ए, दरियागंज _e110002 |
||
| 300 |
_a119पृ. _c21सेमी(सजिल्द) |
||
| 650 |
_aहिंदी साहित्य _949628 |
||
| 650 |
_aहिंदी साहित्य -- कविता _93490 |
||
| 650 |
_aHindi literature _949629 |
||
| 650 |
_aHindi literature -- Poetry _949630 |
||
| 942 |
_2ddc _cHN _h821 _mशुक्ल |
||
| 999 |
_c112892 _d112892 |
||